La ceguera y la mirada como representaciones metafóricas en la literatura. A propósito de tres novelas (urbanas) del siglo XX
Spremljeno u:
| Glavni autor: | |
|---|---|
| Format: | Knjiga |
| Jezik: | Spanish |
| Izdano: |
San José, Costa Rica
Antanaclasis, Editores, S. A.
2013
|
| Teme: | |
| Oznake: |
Dodaj oznaku
Bez oznaka, Budi prvi tko označuje ovaj zapis!
|
MARC
| LEADER | 00000nam a22000007a 4500 | ||
|---|---|---|---|
| 008 | 180608b xxu||||| |||| 00| 0 spa d | ||
| 999 | |c 30532 |d 30532 | ||
| 040 | |a cru BVZT | ||
| 090 | |a C-868 A-2c | ||
| 100 | |a Alvarado Vega, Óscar Gerardo | ||
| 245 | |a La ceguera y la mirada como representaciones metafóricas en la literatura. A propósito de tres novelas (urbanas) del siglo XX |c Óscar Gerardo Alvarado Vega | ||
| 260 | |a San José, Costa Rica |b Antanaclasis, Editores, S. A. |c 2013 | ||
| 300 | |a 471 páginas | ||
| 650 | |a LITERATURA COSTARRICENSE |9 17 | ||
| 650 | |a CRÍTICA | ||
| 650 | |a ENSAYO SOBRE LA CEGUERA - CRÍTICA E INTERPRETACIÓN | ||
| 650 | |a LOS PEOR - CRÍTICA E INTERPRETACIÓN | ||
| 650 | |a SOBRE HÉROES Y TUMBAS - CRÍTICA E INTERPRETACIÓN | ||
| 942 | |c LIB |h C-868 A-2c |2 z | ||
